01186nam a2200349Ic 450000100060000000300100000600500170001600700030003300800410003602000180007704000350009504100080013008200170013810000340015524501270018925000220031626400410033830000180037933600270039733700330042433800280045750000600048550400480054552100380059365000330063165000330066465000350069765000430073270000320077594200120080799900170081958504CO-BoRNBP20250825160945.0ta180815s2017 ck g 000 0 spa  a9789585425088 aCO-BoRNBPbspaerdacCO-BoRNBP aspa04a303.44bP65d aPomeraniec, Hindeeaut96338111a¿Dónde queda el primer mundo? :bel nuevo mapa del desarrollo y el bienestar /cHinde Pomeraniec, Raquel San Martín. aPrimera edición 1aBogotá, Colombia :bAguilar,c2017 a220 páginas atextobtxt2rdacontent asin mediaciónbn2rdamedia avolumenbnc2rdacarrier aIncluye datos biográficos de las autoras en la solapa aIncluye bibliografía en páginas 213-217 aRecomendado para público adulto07aCalidad de vida2LEMB91263707aDesarrollo económico2lemb07aDesarrollo social2lemb91435207aIndicadores de desarrollo2lemb963382 aSan Martín, Raquel963383 2ddccBK c58504d58504